|
|
|
|
| LEADER |
00000nam a2200000 a 4500 |
| 001 |
vtls001464140 |
| 003 |
SK-MaSNL |
| 005 |
20260425232134.0 |
| 008 |
160322s2002 xo a g 0 slo |
| 015 |
|
|
|a SNBE2004/01-00089
|
| 020 |
|
|
|a 8096755137
|
| 035 |
|
|
|a SNK000419445
|
| 040 |
|
|
|a SNK
|b slo
|c SNK
|e AACR2
|
| 041 |
0 |
|
|a slo
|
| 043 |
|
|
|a e-xo---
|
| 044 |
|
|
|a xo
|c SK
|
| 072 |
|
7 |
|a 77
|2 konspekt
|
| 080 |
|
|
|a 929
|2 1981
|
| 080 |
|
|
|a 77.04
|2 1981
|
| 080 |
|
|
|a (437.6)
|2 1981
|
| 080 |
|
|
|a (083.824)
|2 1981
|
| 080 |
|
|
|a 77.04:061.4(083.9)=162.4=162.1
|2 2. slo
|
| 080 |
|
|
|a 929 Urbasiówna-Holoubková, Mária
|2 2. slo
|
| 245 |
1 |
|
|a Mária Urbasiówna-Holoubková. Fotografie
|c grafická úprava Milan Mikula ; autor úvodu Jana Karlíková
|
| 250 |
|
|
|a [1. vyd.]
|
| 260 |
|
|
|a Senica
|b RECO
|c 2002
|
| 300 |
|
|
|a [22 s.]
|b čiernob. fotogr.
|c 31x22 cm
|
| 500 |
|
|
|a Súbež. text poľ.
|
| 500 |
|
|
|a 400 výt.
|
| 504 |
|
|
|a Biogr. údaje
|
| 600 |
1 |
|
|a Holoubková-Urbasiówna, Mária,
|d 1898-2004
|9 52513
|
| 611 |
1 |
7 |
|a Mária Urbasiówna-Holoubková. Fotografie
|d 2002
|c Slovensko, Poľsko
|x výstavy
|x katalógy
|2 SNK
|9 466144
|
| 650 |
0 |
7 |
|a fotografi
|2 SNK
|9 3159
|
| 650 |
0 |
7 |
|a umelecká fotografia
|2 SNK
|9 29370
|
| 650 |
0 |
7 |
|a fotografia
|2 konspekt
|9 1694
|
| 651 |
|
7 |
|a Slovensko
|2 SNK
|9 14231
|
| 655 |
|
7 |
|a katalógy výstav
|2 SNK
|9 70445
|
| 655 |
|
7 |
|a katalógy výstav
|2 SNK
|9 70445
|
| 700 |
1 |
|
|a Karlíková, Jana
|4 auv
|9 337372
|
| 700 |
1 |
|
|a Mikula, Milan
|4 gup
|9 11560
|
| 919 |
|
|
|a 80-967551-3-7
|
| 958 |
|
|
|a BX
|
| 999 |
|
|
|c 730263
|d 732193
|
| 952 |
|
|
|t P60, <03>, [BOOK], {603}
|a SNK
|b SNK
|y PREZ
|7 0
|p 17A0405276
|o snkOSB 13852
|i snkKSP 15334/2003
|0 0
|1 0
|4 0
|d 2003-12-03
|l 0
|r 2005-01-02 00:00:00
|w 2026-02-23
|
| 952 |
|
|
|t P60, <04>, [BOOK], {604}
|a SNK
|b SNK
|y VYP
|7 0
|p 17A0405278
|o snkOSB 13852 D1
|i snkKSP 15335/2003
|0 0
|1 0
|4 0
|d 2003-12-03
|l 0
|r 2005-01-02 00:00:00
|w 2026-02-23
|